[Event "FIDE Open World Blitz 2021"]
[Site "Warsaw"]
[Date "2021.12.29"]
[Round "8.17"]
[White "Halkias, Stelios"]
[Black "Janik, Igor"]
[Result "1/2-1/2"]
[WhiteElo "2575"]
[BlackElo "2508"]
[Annotator "ChessBase"]
[PlyCount "107"]
[EventDate "2021.12.29"]
[EventType "swiss"]
[EventCountry "POL"]
[Tiebreak "Cut1 Buchholz"]
[SourceTitle "playchess.com"]
[Source "ChessBase"]
[SourceQuality "1"]

1. Nf3 g6 2. d4 d6 3. g3 Bg7 4. Bg2 Nf6 5. O-O O-O 6. Re1 c6 7. e4 Bg4 8. h3
Bxf3 9. Bxf3 e5 10. c3 Qc7 11. a4 a5 12. Na3 Nbd7 13. Nc4 Nb6 14. Qb3 Nxc4 15.
Qxc4 Qb6 16. dxe5 dxe5 17. Re2 Rfd8 18. Be3 Qc7 19. Kg2 h5 20. Bg5 Rd6 21. Rd2
Rad8 22. Rxd6 Rxd6 23. Rd1 Ne8 24. Be3 Bf8 25. Qb3 c5 26. Rd5 Rxd5 27. Qxd5 Nf6
28. Qc4 Qc6 29. Kg1 Nd7 30. Bd1 Nb6 31. Qb5 Qxb5 32. axb5 Nc4 33. Bc1 Nd6 34.
b6 Nxe4 35. Bf3 Nd6 36. Bd5 Nc8 37. Bxb7 Nxb6 38. b3 f5 39. Kf1 Kf7 40. Ke2 Ke6
41. c4 a4 42. bxa4 Nxa4 43. Bc8+ Kd6 44. f3 Be7 45. Kd3 Nb6 46. Bb7 Nd7 47. Bd5
e4+ 48. fxe4 Ne5+ 49. Kc3 h4 50. gxh4 Bxh4 51. exf5 gxf5 52. Bf4 Bf6 53. Kd2
Ke7 54. Bxe5 1/2-1/2

[Event "FIDE Open World Blitz 2021"]
[Site "Warsaw"]
[Date "2021.12.29"]
[Round "8.18"]
[White "Abdusattorov, Nodirbek"]
[Black "Oparin, Grigoriy"]
[Result "0-1"]
[WhiteElo "2646"]
[BlackElo "2580"]
[Annotator "ChessBase"]
[PlyCount "63"]
[EventDate "2021.12.29"]
[EventType "swiss"]
[EventCountry "POL"]
[Tiebreak "Cut1 Buchholz"]
[SourceTitle "playchess.com"]
[Source "ChessBase"]
[SourceQuality "1"]

1. d4 Nf6 2. Nf3 e6 3. Bf4 d5 4. e3 Bd6 5. Nbd2 c5 6. c3 Nc6 7. Bg3 O-O 8. Bd3
b6 9. Qe2 Bb7 10. e4 Be7 11. e5 Nh5 12. Ng5 Bxg5 13. Qxh5 g6 14. Qe2 cxd4 15.
h4 dxc3 16. bxc3 Bh6 17. h5 g5 18. Nf3 f5 19. exf6 Qxf6 20. O-O Bg7 21. c4 g4
22. Nh2 Nd4 23. Qxg4 dxc4 24. Bxc4 Rac8 25. Rac1 Rc5 26. Bh4 Qh6 27. Be7 Rxh5
28. Qg3 Nf5 29. Qc7 Nxe7 30. Rfe1 Bd5 31. Be2 Be5 32. Qxe7 0-1

[Event "FIDE Open World Blitz 2021"]
[Site "Warsaw"]
[Date "2021.12.29"]
[Round "8.18"]
[White "Yuffa, Daniil"]
[Black "Berchtenbreiter, Maximilian"]
[Result "1-0"]
[WhiteElo "2567"]
[BlackElo "2506"]
[Annotator "ChessBase"]
[PlyCount "67"]
[EventDate "2021.12.29"]
[EventType "swiss"]
[EventCountry "POL"]
[Tiebreak "Cut1 Buchholz"]
[SourceTitle "playchess.com"]
[Source "ChessBase"]
[SourceQuality "1"]

1. d4 Nf6 2. c4 a6 3. Nc3 c5 4. d5 b5 5. Qc2 d6 6. e4 b4 7. Nce2 g6 8. b3 Bg7
9. Bb2 a5 10. a4 bxa3 11. Rxa3 Na6 12. Nf3 Nb4 13. Qb1 Bg4 14. Nd2 Bxe2 15.
Bxe2 O-O 16. O-O e6 17. Bf3 Nd7 18. Bxg7 Kxg7 19. dxe6 Ne5 20. exf7 Qg5 21. Qd1
Rxf7 22. Be2 Nbc6 23. g3 Raf8 24. h4 Qe7 25. f4 Nd7 26. Bf3 Qf6 27. e5 dxe5 28.
Ne4 Qe7 29. Ng5 Rf6 30. Bxc6 Rxc6 31. Rxa5 exf4 32. Re1 Qd8 33. Ra7 fxg3 34.
Rxd7+ 1-0

[Event "FIDE Open World Blitz 2021"]
[Site "Warsaw"]
[Date "2021.12.29"]
[Round "8.19"]
[White "Demchenko, Anton"]
[Black "Parligras, Mircea-Emilian"]
[Result "1-0"]
[WhiteElo "2655"]
[BlackElo "2576"]
[Annotator "ChessBase"]
[PlyCount "77"]
[EventDate "2021.12.29"]
[EventType "swiss"]
[EventCountry "POL"]
[Tiebreak "Cut1 Buchholz"]
[SourceTitle "playchess.com"]
[Source "ChessBase"]
[SourceQuality "1"]

1. e4 e5 2. Nf3 Nc6 3. Bc4 Bc5 4. d3 Nf6 5. Bg5 h6 6. Bh4 Be7 7. Bg3 d6 8. a4
O-O 9. h3 Be6 10. Bxe6 fxe6 11. c3 Qe8 12. Qb3 Nd8 13. O-O Nh5 14. Nbd2 Nf4 15.
d4 exd4 16. cxd4 Kh8 17. Bxf4 Rxf4 18. Rac1 c6 19. Rfe1 Rf8 20. a5 Qh5 21. d5
cxd5 22. exd5 e5 23. Rc7 Bg5 24. Nxg5 Qxg5 25. Ne4 Qg6 26. Rd7 Nf7 27. Rxb7 Ng5
28. Qg3 Rf4 29. Nxg5 hxg5 30. b4 Raf8 31. f3 e4 32. Rxe4 Rxe4 33. fxe4 Qxe4 34.
Qxg5 Qd4+ 35. Kh2 a6 36. b5 axb5 37. a6 Ra8 38. a7 Rf8 39. Rb8 1-0

[Event "FIDE Open World Blitz 2021"]
[Site "Warsaw"]
[Date "2021.12.29"]
[Round "8.19"]
[White "Petrosian, Tigran L."]
[Black "Mamedov, Rauf"]
[Result "0-1"]
[WhiteElo "2602"]
[BlackElo "2673"]
[Annotator "ChessBase"]
[PlyCount "110"]
[EventDate "2021.12.29"]
[EventType "swiss"]
[EventCountry "POL"]
[Tiebreak "Cut1 Buchholz"]
[SourceTitle "playchess.com"]
[Source "ChessBase"]
[SourceQuality "1"]

1. Nf3 Nf6 2. g3 g6 3. Bg2 Bg7 4. O-O O-O 5. d3 d6 6. c4 e5 7. Nc3 Nc6 8. Rb1
a5 9. a3 Re8 10. Bg5 h6 11. Bxf6 Bxf6 12. b4 axb4 13. axb4 Bg7 14. b5 Ne7 15.
Nd2 e4 16. Nd5 Nxd5 17. cxd5 exd3 18. e3 Bf5 19. Qb3 Ra7 20. b6 cxb6 21. Nc4
Ra6 22. Rfd1 d2 23. e4 Bxe4 24. Bxe4 Rxe4 25. Rxd2 Qf6 26. Rd3 Ra1 27. Rxa1
Qxa1+ 28. Kg2 Re1 29. Ne3 Qb1 30. Kf3 h5 31. h3 b5 32. g4 hxg4+ 33. hxg4 Bh6
34. Qxb1 Rxb1 35. Nc2 Bg7 36. Nd4 b4 37. Rb3 Rd1 38. Nb5 Rxd5 39. Rxb4 Be5 40.
Ke4 Rd1 41. f4 Bf6 42. g5 d5+ 43. Kf3 Be7 44. Rb3 Bc5 45. Nc7 b6 46. Ne8 Kf8
47. Nf6 Ke7 48. Ke2 Rd4 49. Rh3 Ke6 50. Rh4 Kf5 51. Kf3 Bd6 52. Rh7 Rxf4+ 53.
Ke2 Ke6 54. Ne8 Be5 55. Rh1 Ke7 0-1

[Event "FIDE Open World Blitz 2021"]
[Site "Warsaw"]
[Date "2021.12.29"]
[Round "8.20"]
[White "Niemann, Hans Moke"]
[Black "Harsha, Bharathakoti"]
[Result "1/2-1/2"]
[WhiteElo "2635"]
[BlackElo "2576"]
[Annotator "ChessBase"]
[PlyCount "213"]
[EventDate "2021.12.29"]
[EventType "swiss"]
[EventCountry "POL"]
[Tiebreak "Cut1 Buchholz"]
[SourceTitle "playchess.com"]
[Source "ChessBase"]
[SourceQuality "1"]

1. d4 Nf6 2. Nc3 d5 3. Bf4 a6 4. e3 e6 5. g4 c5 6. g5 Nfd7 7. Qg4 Nc6 8. O-O-O
b5 9. Bg2 cxd4 10. exd4 Nb6 11. Qg3 Nc4 12. Re1 Be7 13. Nxd5 Qa5 14. Nc3 Nxd4
15. Nge2 Nxe2+ 16. Rxe2 Ra7 17. Bb8 Rd7 18. Bc6 O-O 19. Bxd7 Bxd7 20. Bc7 Qb4
21. Nd1 Rc8 22. h4 Bc6 23. Rhe1 Qc5 24. Be5 Bd5 25. Ne3 b4 26. Nxd5 Qxd5 27.
Qf4 Nxe5 28. Qxe5 Qxa2 29. Re3 Rd8 30. b3 Bd6 31. Qb2 Qa5 32. Kb1 Bf8 33. Qe5
Qb6 34. h5 Rd5 35. Qf4 Rf5 36. Qc4 Rxg5 37. h6 gxh6 38. Rxe6 fxe6 39. Rxe6 Qxe6
40. Qxe6+ Kg7 41. f4 Rc5 42. Qxa6 Rf5 43. Qb7+ Rf7 44. Qe4 Rf6 45. c4 bxc3 46.
Kc2 Bd6 47. f5 h5 48. Kxc3 h4 49. Qg4+ Kf7 50. b4 Be5+ 51. Kc4 Rh6 52. Qg5 Bg7
53. f6 Bf8 54. b5 h3 55. Qd5+ Kxf6 56. Qf3+ Kg7 57. Qg3+ Kf7 58. Qf3+ Kg7 59.
Qb7+ Kg8 60. Qd5+ Kg7 61. Qd4+ Kf7 62. b6 h2 63. Qd5+ Kg7 64. b7 h1=Q 65. Qxh1
Rxh1 66. b8=Q Rh6 67. Qe5+ Kf7 68. Qf5+ Kg8 69. Kd5 Rd6+ 70. Ke5 Rg6 71. Qd7
Bg7+ 72. Kf5 Rf6+ 73. Ke4 Rg6 74. Qe8+ Bf8 75. Kf5 Kg7 76. Qd7+ Kg8 77. Qd5+
Kg7 78. Qd4+ Kg8 79. Qd7 Rh6 80. Qd5+ Kg7 81. Qd4+ Kg8 82. Qc4+ Kg7 83. Qc7+
Kg8 84. Qd7 Rg6 85. Qe8 Kg7 86. Qe5+ Kg8 87. Qd5+ Kg7 88. Qd4+ Kg8 89. Kf4 Bh6+
90. Kf5 Bf8 91. Qc4+ Kg7 92. Qc3+ Kg8 93. Qc7 Rh6 94. Qc4+ Kg7 95. Kg5 Be7+ 96.
Kf5 Rf6+ 97. Ke5 Bd6+ 98. Kd5 Bf8 99. Qc3 Kf7 100. Qc7+ Kg8 101. Qc8 Rg6 102.
Ke5 Kg7 103. Qd7+ Kg8 104. Kf5 Rh6 105. Qe8 Rg6 106. Qe4 Kg7 107. Qd4+ 1/2-1/2

[Event "FIDE Open World Blitz 2021"]
[Site "Warsaw"]
[Date "2021.12.29"]
[Round "8.20"]
[White "Shoker, Samy"]
[Black "Tologontegin, Semetey"]
[Result "1-0"]
[WhiteElo "2504"]
[BlackElo "2224"]
[Annotator "ChessBase"]
[PlyCount "132"]
[EventDate "2021.12.29"]
[EventType "swiss"]
[EventCountry "POL"]
[Tiebreak "Cut1 Buchholz"]
[SourceTitle "playchess.com"]
[Source "ChessBase"]
[SourceQuality "1"]

1. Nf3 g6 2. g3 Bg7 3. Bg2 b6 4. O-O Bb7 5. c4 Nf6 6. Nc3 O-O 7. d3 d5 8. cxd5
Nxd5 9. Ne4 c5 10. Rb1 Nc6 11. Bd2 Rc8 12. a3 a5 13. Qb3 e5 14. Nxc5 Ba8 15.
Ne4 h6 16. Rbc1 Kh7 17. Nc3 Nce7 18. Nxd5 Bxd5 19. Rxc8 Bxb3 20. Rxd8 Rxd8 21.
Bc3 f6 22. Nd2 Be6 23. Nc4 Bxc4 24. dxc4 Rc8 25. b3 a4 26. Bb4 Nc6 27. Bxc6
Rxc6 28. bxa4 Rxc4 29. Rd1 Rc7 30. Rd6 Rb7 31. Re6 Kg8 32. Re7 Rb8 33. Rc7 h5
34. h4 Bf8 35. Kg2 Bxb4 36. axb4 Ra8 37. Rc6 Kf7 38. Rxb6 Rxa4 39. Kf3 f5 40.
Ke3 Ra3+ 41. Kd2 Ra2+ 42. Kd3 e4+ 43. Ke3 Rb2 44. b5 Kg7 45. Rb7+ Kf6 46. Rb6+
Ke5 47. Rxg6 Rb3+ 48. Kd2 Rxb5 49. Rc6 Kd5 50. Rh6 Rb2+ 51. Ke3 Rb3+ 52. Kf4
Rb2 53. Rxh5 Rxe2 54. Rxf5+ Kd4 55. Kg4 Re1 56. Rf4 Ke5 57. Kg5 Rf1 58. h5 Rh1
59. Rf5+ Ke6 60. g4 Rh2 61. Kg6 Rh4 62. Rf6+ Ke5 63. g5 Rh3 64. h6 Rh2 65. h7
Rh3 66. Kg7 Kd5 1-0

[Event "FIDE Open World Blitz 2021"]
[Site "Warsaw"]
[Date "2021.12.29"]
[Round "8.21"]
[White "Quparadze, Giga"]
[Black "Kobalia, Mikhail"]
[Result "0-1"]
[WhiteElo "2475"]
[BlackElo "2600"]
[Annotator "ChessBase"]
[PlyCount "144"]
[EventDate "2021.12.29"]
[EventType "swiss"]
[EventCountry "POL"]
[Tiebreak "Cut1 Buchholz"]
[SourceTitle "playchess.com"]
[Source "ChessBase"]
[SourceQuality "1"]

1. e4 c6 2. d4 d5 3. Nc3 dxe4 4. Nxe4 Bf5 5. Ng3 Bg6 6. h4 h6 7. Nf3 e6 8. Ne5
Bh7 9. Bd3 Bxd3 10. Qxd3 Nf6 11. Bf4 Qa5+ 12. Bd2 Qa6 13. c4 Nbd7 14. Nxd7 Nxd7
15. Ne4 Nf6 16. Nxf6+ gxf6 17. O-O O-O-O 18. Bc3 Rg8 19. b4 Qb6 20. Qf3 f5 21.
d5 cxd5 22. Bf6 Rd7 23. cxd5 Rxd5 24. Qf4 Bd6 25. Rac1+ Kb8 26. Qxh6 Qxb4 27.
Bg5 a6 28. Qh7 Rf8 29. Rfd1 Bf4 30. Rb1 Rxd1+ 31. Rxd1 Bxg5 32. hxg5 Qg4 33.
Qh2+ Ka8 34. Qd6 Rh8 35. Qd4 Qh5 36. f3 Rc8 37. Qd2 Qh4 38. Rc1 Rh8 39. Qe3 Qb4
40. Qe5 Qb6+ 41. Qc5 Ka7 42. Qxb6+ Kxb6 43. Rd1 Kc6 44. f4 b5 45. Rc1+ Kb6 46.
Rd1 Rc8 47. Rd6+ Rc6 48. Rd8 a5 49. Kf2 b4 50. Rb8+ Ka7 51. Rd8 Rc7 52. Ke3 a4
53. Rd4 Rb7 54. Kd2 Ka6 55. Kc2 Kb5 56. Rd8 Rc7+ 57. Kb2 a3+ 58. Kb1 Rc4 59. g3
Rc3 60. Rd7 Rxg3 61. Rxf7 Rg1+ 62. Kc2 Rg2+ 63. Kb1 Rb2+ 64. Ka1 Rf2 65. Kb1
Rxf4 66. g6 Rf1+ 67. Kc2 Rf2+ 68. Kb1 Rb2+ 69. Kc1 Rxa2 70. Rb7+ Ka4 71. Re7
Rg2 72. Rxe6 a2 0-1

[Event "FIDE Open World Blitz 2021"]
[Site "Warsaw"]
[Date "2021.12.29"]
[Round "8.21"]
[White "Babazada, Khazar"]
[Black "Kovalev, Vladislav"]
[Result "1/2-1/2"]
[WhiteElo "2302"]
[BlackElo "2634"]
[Annotator "ChessBase"]
[PlyCount "72"]
[EventDate "2021.12.29"]
[EventType "swiss"]
[EventCountry "POL"]
[Tiebreak "Cut1 Buchholz"]
[SourceTitle "playchess.com"]
[Source "ChessBase"]
[SourceQuality "1"]

1. e4 e5 2. Nc3 Nc6 3. Bc4 Nf6 4. d3 Na5 5. Nge2 Nxc4 6. dxc4 d6 7. O-O Be7 8.
b3 O-O 9. Qd3 Nd7 10. Be3 Nc5 11. Bxc5 dxc5 12. Qg3 f6 13. Rad1 Qe8 14. Nd5 Bd6
15. Nec3 Bd7 16. Rd2 Rd8 17. Rfd1 a6 18. Ne3 Qg6 19. Qf3 Qh6 20. Ncd5 Be6 21.
Nf5 Bxf5 22. Qxf5 Qg6 23. Qe6+ Qf7 24. Qh3 g6 25. Ne3 Kg7 26. Qf3 Qe6 27. g4 c6
28. h4 Bc7 29. c3 Rxd2 30. Rxd2 Rd8 31. Rxd8 Bxd8 32. Qd1 Ba5 33. Qd3 Bc7 34.
Kf1 Ba5 35. Ke2 Bc7 36. f3 Kf7 1/2-1/2

[Event "FIDE Open World Blitz 2021"]
[Site "Warsaw"]
[Date "2021.12.29"]
[Round "8.22"]
[White "Cheparinov, Ivan"]
[Black "Zvjaginsev, Vadim"]
[Result "1/2-1/2"]
[WhiteElo "2594"]
[BlackElo "2609"]
[Annotator "ChessBase"]
[PlyCount "58"]
[EventDate "2021.12.29"]
[EventType "swiss"]
[EventCountry "POL"]
[Tiebreak "Cut1 Buchholz"]
[SourceTitle "playchess.com"]
[Source "ChessBase"]
[SourceQuality "1"]

1. d4 Nf6 2. Nf3 g6 3. c4 d6 4. Nc3 Bf5 5. Qb3 b6 6. g3 Nc6 7. Qa4 Bd7 8. Qd1
Bg7 9. Bg2 O-O 10. O-O Na5 11. b3 c5 12. Bb2 a6 13. e4 Bg4 14. dxc5 bxc5 15. e5
Nd7 16. exd6 exd6 17. h3 Bxf3 18. Bxf3 Rb8 19. Rb1 Ne5 20. Bg2 Nec6 21. Qd2 Nd4
22. Ne2 Nac6 23. Bxc6 Nxc6 24. Bxg7 Kxg7 25. Rbd1 Re8 26. Qxd6 Qxd6 27. Rxd6
Rxe2 28. Rxc6 Rxa2 29. Rb1 Ra3 1/2-1/2

[Event "FIDE Open World Blitz 2021"]
[Site "Warsaw"]
[Date "2021.12.29"]
[Round "8.22"]
[White "Van Foreest, Lucas"]
[Black "Elier, Ali"]
[Result "1/2-1/2"]
[WhiteElo "2532"]
[BlackElo "2194"]
[Annotator "ChessBase"]
[PlyCount "59"]
[EventDate "2021.12.29"]
[EventType "swiss"]
[EventCountry "POL"]
[Tiebreak "Cut1 Buchholz"]
[SourceTitle "playchess.com"]
[Source "ChessBase"]
[SourceQuality "1"]

1. e4 e5 2. Nf3 Nc6 3. d4 exd4 4. Bc4 Nf6 5. e5 d5 6. Bb5 Ne4 7. Nxd4 Bc5 8.
Be3 O-O 9. Nxc6 bxc6 10. Bxc5 Nxc5 11. Bxc6 Ba6 12. Qxd5 Qg5 13. Bxa8 Qc1+ 14.
Qd1 Qxb2 15. f4 Rxa8 16. Nd2 Rd8 17. Kf2 Qd4+ 18. Kg3 Qa4 19. Rb1 g6 20. Qf3
Rxd2 21. Rhe1 Ne6 22. Re4 Qxc2 23. Rb8+ Kg7 24. f5 Rd3 25. f6+ Kh6 26. Rh4+ Kg5
27. Rg4+ Kh6 28. Rh4+ Kg5 29. Rg4+ Kh6 30. Rh4+ 1/2-1/2

[Event "FIDE Open World Blitz 2021"]
[Site "Warsaw"]
[Date "2021.12.29"]
[Round "8.23"]
[White "Vidit, Santosh Gujrathi"]
[Black "Muradli, Mahammad"]
[Result "0-1"]
[WhiteElo "2727"]
[BlackElo "2571"]
[Annotator "ChessBase"]
[PlyCount "85"]
[EventDate "2021.12.29"]
[EventType "swiss"]
[EventCountry "POL"]
[Tiebreak "Cut1 Buchholz"]
[SourceTitle "playchess.com"]
[Source "ChessBase"]
[SourceQuality "1"]

1. d4 Nf6 2. c4 g6 3. g3 c5 4. dxc5 Na6 5. Bg2 Bg7 6. Nc3 O-O 7. Nf3 Nxc5 8.
Nd4 d6 9. O-O Bd7 10. b3 Rb8 11. Bb2 a6 12. a4 Qa5 13. e3 Rfc8 14. Rb1 Bc6 15.
Ba1 Qb4 16. Bh3 Rd8 17. f3 d5 18. Qe2 dxc4 19. Nc2 Qb6 20. a5 Qa7 21. bxc4 Nfd7
22. Nb4 Ne5 23. Nbd5 e6 24. Nb6 Rd3 25. f4 Nf3+ 26. Rxf3 Bxf3 27. Qxf3 Bxc3 28.
Bf1 Bxa1 29. Bxd3 Bc3 30. Bc2 Bxa5 31. Na4 b5 32. cxb5 axb5 33. Nxc5 Qxc5 34.
Bd3 b4 35. Rb3 Bb6 36. Kf2 Rd8 37. Qe4 Qa5 38. Be2 Bc5 39. Qe5 Rd5 40. Qb8+ Kg7
41. Qb7 Qa2 42. Rxb4 Rd2 43. Rb3 0-1

[Event "FIDE Open World Blitz 2021"]
[Site "Warsaw"]
[Date "2021.12.29"]
[Round "8.23"]
[White "Szpar, Milosz"]
[Black "Bartel, Mateusz"]
[Result "1-0"]
[WhiteElo "2285"]
[BlackElo "2619"]
[Annotator "ChessBase"]
[PlyCount "63"]
[EventDate "2021.12.29"]
[EventType "swiss"]
[EventCountry "POL"]
[Tiebreak "Cut1 Buchholz"]
[SourceTitle "playchess.com"]
[Source "ChessBase"]
[SourceQuality "1"]

1. e4 e5 2. Nf3 Nc6 3. Bb5 a6 4. Ba4 Nge7 5. O-O d6 6. c3 Bd7 7. d4 Ng6 8. Re1
Be7 9. Nbd2 O-O 10. Nf1 b5 11. Bb3 Na5 12. Bc2 c5 13. dxe5 dxe5 14. Ne3 Be6 15.
Nd5 Ra7 16. a4 b4 17. cxb4 cxb4 18. Be3 Rb7 19. Bd3 Qd6 20. Rc1 Rc8 21. Rxc8+
Bxc8 22. Qe2 Rb8 23. Ba7 Ra8 24. Be3 Bb7 25. Rd1 Bxd5 26. exd5 Nb3 27. h4 Nc5
28. Bb1 Nf4 29. Qc2 e4 30. Bxc5 Qxc5 31. Qxe4 f5 32. Qxf4 1-0

[Event "FIDE Open World Blitz 2021"]
[Site "Warsaw"]
[Date "2021.12.29"]
[Round "8.24"]
[White "Harikrishna, Pentala"]
[Black "Sanal, Vahap"]
[Result "0-1"]
[WhiteElo "2614"]
[BlackElo "2590"]
[Annotator "ChessBase"]
[PlyCount "103"]
[EventDate "2021.12.29"]
[EventType "swiss"]
[EventCountry "POL"]
[Tiebreak "Cut1 Buchholz"]
[SourceTitle "playchess.com"]
[Source "ChessBase"]
[SourceQuality "1"]

1. e4 e5 2. Nf3 Nc6 3. Bb5 a6 4. Ba4 Nf6 5. O-O Be7 6. Re1 b5 7. Bb3 O-O 8. a4
Bb7 9. d3 d6 10. Nc3 Na5 11. Ba2 b4 12. Nd5 Nxd5 13. Bxd5 c6 14. Ba2 Bc8 15. c3
Rb8 16. d4 b3 17. Bb1 Qc7 18. Bd3 c5 19. Be3 c4 20. Bf1 Bg4 21. Be2 Rfe8 22.
Nd2 Bxe2 23. Qxe2 Bf8 24. d5 g6 25. h4 h5 26. g4 hxg4 27. Qxg4 Qc8 28. Qg3 Re7
29. h5 f5 30. Bg5 f4 31. Qf3 Rh7 32. h6 Bxh6 33. Bxh6 Rxh6 34. Kg2 g5 35. Rh1
g4 36. Qd1 f3+ 37. Nxf3 gxf3+ 38. Qxf3 Rg6+ 39. Kf1 Qd7 40. Ke2 Rf8 41. Rag1
Rxf3 42. Rxg6+ Kf7 43. Rh7+ Kxg6 44. Rxd7 Rxc3 45. Rxd6+ Kh5 46. Rxa6 Rc2+ 47.
Ke3 c3 48. Rxa5 cxb2 49. d6 b1=Q 50. Rxe5+ Kg6 51. d7 Qe1+ 52. Kd4 0-1

[Event "FIDE Open World Blitz 2021"]
[Site "Warsaw"]
[Date "2021.12.29"]
[Round "8.24"]
[White "Lima, Darcy"]
[Black "Alonso Rosell, Alvar"]
[Result "0-1"]
[WhiteElo "2379"]
[BlackElo "2580"]
[Annotator "ChessBase"]
[PlyCount "50"]
[EventDate "2021.12.29"]
[EventType "swiss"]
[EventCountry "POL"]
[Tiebreak "Cut1 Buchholz"]
[SourceTitle "playchess.com"]
[Source "ChessBase"]
[SourceQuality "1"]

1. e4 e5 2. Nf3 Nc6 3. Nc3 Nf6 4. g3 d5 5. exd5 Nxd5 6. Bg2 Nxc3 7. bxc3 Bc5 8.
O-O O-O 9. d3 Bg4 10. h3 Bh5 11. g4 Bg6 12. Ng5 Be7 13. Ne4 f5 14. gxf5 Bxf5
15. f4 Qd7 16. Qf3 exf4 17. Bxf4 Nd8 18. Qg3 Ne6 19. Be5 Rf7 20. Rf2 Raf8 21.
Raf1 Bd8 22. d4 b6 23. h4 Bg6 24. d5 Rxf2 25. Rxf2 Rxf2 0-1

[Event "FIDE Open World Blitz 2021"]
[Site "Warsaw"]
[Date "2021.12.29"]
[Round "8.25"]
[White "Firouzja, Alireza"]
[Black "Saraci, Nderim"]
[Result "1-0"]
[WhiteElo "2770"]
[BlackElo "2486"]
[Annotator "ChessBase"]
[PlyCount "67"]
[EventDate "2021.12.29"]
[EventType "swiss"]
[EventCountry "POL"]
[Tiebreak "Cut1 Buchholz"]
[SourceTitle "playchess.com"]
[Source "ChessBase"]
[SourceQuality "1"]

1. e4 e5 2. Nf3 Nc6 3. Bb5 a6 4. Ba4 g6 5. c3 d6 6. d4 Bd7 7. O-O Bg7 8. h3 Nf6
9. Re1 O-O 10. Bc2 Re8 11. Nbd2 Qe7 12. Nf1 Qf8 13. Bg5 Nh5 14. dxe5 Nxe5 15.
Nxe5 Bxe5 16. Ne3 Be6 17. Ng4 Bg7 18. Qd2 Bxg4 19. hxg4 Nf6 20. f3 Nd7 21. g3
Ne5 22. Kg2 Nc4 23. Qc1 h6 24. Bf4 g5 25. Bd2 d5 26. exd5 Qc5 27. Be4 Rad8 28.
Re2 b5 29. Be1 Nb6 30. Bf2 Qc4 31. Qc2 Nxd5 32. Rae1 Nf6 33. b3 Qe6 34. Bh7+
1-0

[Event "FIDE Open World Blitz 2021"]
[Site "Warsaw"]
[Date "2021.12.29"]
[Round "8.25"]
[White "Nevednichy, Vladislav"]
[Black "Krasenkow, Michal"]
[Result "0-1"]
[WhiteElo "2379"]
[BlackElo "2576"]
[Annotator "ChessBase"]
[PlyCount "99"]
[EventDate "2021.12.29"]
[EventType "swiss"]
[EventCountry "POL"]
[Tiebreak "Cut1 Buchholz"]
[SourceTitle "playchess.com"]
[Source "ChessBase"]
[SourceQuality "1"]

1. e4 e5 2. Nf3 Nf6 3. d3 Nc6 4. g3 d5 5. exd5 Nxd5 6. Bg2 g6 7. O-O Bg7 8. Re1
O-O 9. c3 Bf5 10. Nh4 Be6 11. a4 Qd7 12. Nd2 Rad8 13. a5 a6 14. Ne4 Qe7 15. Ng5
Bc8 16. Qb3 Qc5 17. Ne4 Qb5 18. Qxb5 axb5 19. Nc5 b6 20. axb6 cxb6 21. Ne4 b4
22. Bd2 Nde7 23. Be3 Nd5 24. Bd2 f5 25. Ng5 Bf6 26. Nhf3 h6 27. Nh3 g5 28.
Nhxg5 hxg5 29. Bxg5 Bxg5 30. Nxg5 Nde7 31. Rad1 Rf6 32. Nf3 Ng6 33. h4 bxc3 34.
bxc3 Rfd6 35. h5 Nf8 36. Nxe5 Nxe5 37. Rxe5 Rxd3 38. Rxd3 Rxd3 39. Bd5+ Kg7 40.
c4 Ba6 41. Rxf5 Nh7 42. Rf7+ Kh6 43. Re7 Rd1+ 44. Kg2 Ng5 45. Rc7 Kxh5 46. f4
Rd2+ 47. Kf1 Rxd5 48. fxg5 Kxg5 49. Kf2 Rc5 50. Rd7 0-1

[Event "FIDE Open World Blitz 2021"]
[Site "Warsaw"]
[Date "2021.12.29"]
[Round "8.26"]
[White "Giri, Anish"]
[Black "Sadhwani, Raunak"]
[Result "1-0"]
[WhiteElo "2774"]
[BlackElo "2562"]
[Annotator "TA"]
[PlyCount "111"]
[EventDate "2021.12.29"]
[EventType "swiss"]
[EventCountry "POL"]
[Tiebreak "Cut1 Buchholz"]
[SourceTitle "playchess.com"]
[Source "ChessBase"]
[SourceQuality "1"]

1. Nf3 Nf6 2. g3 g6 3. Bg2 Bg7 4. O-O O-O 5. c4 d6 6. d4 c6 7. Nc3 Bf5 8. Bg5
Ne4 9. Nxe4 Bxe4 10. Qd2 Re8 11. Rfd1 Nd7 12. Bh3 Bxf3 13. exf3 Nf6 14. d5 Qb6
15. Rac1 a5 16. Be3 c5 17. a4 Rad8 18. Qc2 Nd7 19. b3 Bf6 20. Re1 Nf8 21. Bh6
e5 22. Bd2 Qc7 23. Re2 Re7 24. Rce1 Rde8 25. Bc3 Bg7 26. Qb2 f5 27. Bg2 b6 28.
h4 Qd8 29. Bh3 Nd7 30. Qc2 Nf6 31. Bb2 h5 32. Bg2 Qd7 33. Bc1 Nh7 34. Kh2 Bf6
35. Bh3 Qd8 36. Rg1 Kh8 37. g4 hxg4 38. fxg4 e4 39. gxf5 gxf5 40. Bxf5 Bd4 41.
Kh3 e3 42. fxe3 Bxe3 43. Bb2+ Bd4 44. Re6 Rxe6 45. dxe6 Qf6 46. Rg6 Qe5 47. Bc1
Rf8 48. e7 Qxe7 49. Rh6 Rf7 50. Bg5 Qe1 51. Rxh7+ Rxh7 52. Bxh7 Qh1+ 53. Kg4
Qg1+ 54. Kh5 Qf1 55. Bf5 Qe1 56. Qe4 1-0

[Event "FIDE Open World Blitz 2021"]
[Site "Warsaw"]
[Date "2021.12.29"]
[Round "8.26"]
[White "Petrovskyi, Vadym"]
[Black "Carlsson, Pontus"]
[Result "0-1"]
[WhiteElo "2377"]
[BlackElo "2457"]
[Annotator "ChessBase"]
[PlyCount "115"]
[EventDate "2021.12.29"]
[EventType "swiss"]
[EventCountry "POL"]
[Tiebreak "Cut1 Buchholz"]
[SourceTitle "playchess.com"]
[Source "ChessBase"]
[SourceQuality "1"]

1. e4 c5 2. Nf3 d6 3. d4 Nf6 4. Nc3 cxd4 5. Nxd4 g6 6. f4 Nc6 7. Be2 Nxd4 8.
Qxd4 Bg7 9. Be3 O-O 10. Qd2 Be6 11. O-O Rc8 12. Rfd1 a6 13. a4 Qc7 14. Bf3 Bg4
15. Bxg4 Nxg4 16. Nd5 Qd8 17. Bb6 Qe8 18. Qe2 Nf6 19. Nc3 Rxc3 20. bxc3 Qc6 21.
Bd4 Nxe4 22. Bxg7 Kxg7 23. Rd3 d5 24. h3 e6 25. Qe3 Rc8 26. Qd4+ Kg8 27. Re1
Nc5 28. Rde3 Ne4 29. a5 Qc5 30. Qd3 Nxc3 31. f5 Ne4 32. fxe6 fxe6 33. Kh2 Qxc2
34. Qf1 Qc7+ 35. Kg1 Rf8 36. Rf3 Qc5+ 37. Kh2 Qc7+ 38. Kg1 Rxf3 39. Qxf3 Qxa5
40. Rf1 Qc5+ 41. Kh1 Qe7 42. Rd1 a5 43. Qb3 Nf2+ 44. Kg1 Nxd1 45. Qxd1 Qc5+ 46.
Kh1 Qd6 47. Qd3 b6 48. Qb3 e5 49. Qb5 Kg7 50. Qa6 d4 51. Qb7+ Kh6 52. g4 Qf6
53. Kg2 a4 54. Qa8 b5 55. h4 Qxh4 56. Qf8+ Kg5 57. Qe7+ Kxg4 58. Qxe5 0-1

[Event "FIDE Open World Blitz 2021"]
[Site "Warsaw"]
[Date "2021.12.29"]
[Round "8.27"]
[White "Gajewski, Grzegorz"]
[Black "Korobov, Anton"]
[Result "1-0"]
[WhiteElo "2589"]
[BlackElo "2684"]
[Annotator "ChessBase"]
[PlyCount "59"]
[EventDate "2021.12.29"]
[EventType "swiss"]
[EventCountry "POL"]
[Tiebreak "Cut1 Buchholz"]
[SourceTitle "playchess.com"]
[Source "ChessBase"]
[SourceQuality "1"]

1. d4 Nf6 2. Nf3 d5 3. c3 Bf5 4. Qb3 Qc8 5. Bg5 e6 6. Bxf6 gxf6 7. Nbd2 c5 8.
Nh4 Bg6 9. Nxg6 hxg6 10. e4 cxd4 11. exd5 dxc3 12. Bb5+ Kd8 13. bxc3 Nd7 14.
dxe6 Nc5 15. Qd5+ Kc7 16. exf7 Rh5 17. Qd4 Qe6+ 18. Kf1 Rd8 19. Qf4+ Bd6 20.
Qe3 Re5 21. Qf3 Rf5 22. Bc4 Qe5 23. Qg3 Qe7 24. Qxg6 Qe5 25. Re1 Qf4 26. Re2
Bf8 27. g3 Qg5 28. Qxg5 fxg5 29. Nb3 Rf6 30. Kg2 1-0